000 00721cab a2200241 4500
001 WB3306-07
008 090401t1997 xxu||||| |||| 00| 0 eng d
035 _a(Sirsi) u43772
041 _aeng
245 _aRetail parks fund
260 _c1997
350 _a0
490 _aSunday Telegraph
_v2 February 1997, B2(1)
520 _aChartwell Land is launching a £250m investment fund focusing on the retail warehouse market.
650 _aCHARTWELL LAND
650 _aINVESTMENT FUNDS
650 _aINVESTMENT MARKET
650 _aRETAIL PARKS
650 _aRETAIL WAREHOUSE MARKET
690 _aPROPERTY-COMMERCIAL PROPERTY-COMMERCIAL PROPERTY FINANCE AND INVESTMENT
942 _n0
948 _c04/03/1997
999 _c27900
_d27900